[Event "20. Dolomitenbank Open-A 2019"]
[Site "Lienz"]
[Date "2019.02.15"]
[Round "8.4"]
[White "Schreiner, Peter"]
[Black "Istratescu, Andrei"]
[Result "1/2-1/2"]
[WhiteElo "2476"]
[BlackElo "2555"]
[Annotator "TA"]
[PlyCount "24"]
[EventDate "2019.02.09"]
[EventType "swiss"]
[EventCountry "AUT"]
[SourceTitle "playchess.com"]
[Source "ChessBase"]
[SourceQuality "1"]

{[%evp 13,17,15,23,24,26,25]} 1. d4 d5 2. c4 e6 3. Nf3 Nf6 4. g3 Bb4+ 5. Bd2 Bd6 (5... Be7 6. Bg2 O-O 7. O-O c6 8. Qc2 Nbd7 9. Bf4 b6 10. Rd1 Ba6 11. cxd5 cxd5 12. Ne5 Nxe5 13. dxe5 Ng4 14. Bf3 f5 15. exf6 Nxf6 16. Qa4 Bb7 17. Nd2 Qe8 18. Qxe8 Rfxe8 {½-½ (29) Giri,A (2783)-Ding,L (2813) Wijk aan Zee 2019}) 6. Bg2 {E01: Catalan: Early deviations} Nbd7 7. O-O c6 {LiveBook: 76 Games} 8. Bc3 Ne4 9. Nbd2 {Predecessor:} Nxc3 $146 10. bxc3 O-O 11. a4 f5 12. cxd5 exd5 {1-0 (48) Altrichter,U (2433)-Runting,T (2360) ICCF email 2015} 1/2-1/2

[Event "20. Dolomitenbank Open-A 2019"]
[Site "Lienz"]
[Date "2019.02.15"]
[Round "8.5"]
[White "Liu, Zhaoqi"]
[Black "Zhang, Ziji"]
[Result "1/2-1/2"]
[WhiteElo "2323"]
[BlackElo "2406"]
[Annotator "TA"]
[PlyCount "34"]
[EventDate "2019.02.09"]
[EventType "swiss"]
[EventCountry "AUT"]
[SourceTitle "playchess.com"]
[Source "ChessBase"]
[SourceQuality "1"]

{[%evp 33,34,0,0]} 1. d4 d5 2. c4 c6 3. cxd5 cxd5 4. Nc3 Nc6 5. Bf4 Nf6 6. Nf3 Bf5 7. e3 e6 8. Bd3 Bxd3 9. Qxd3 Bd6 10. Bxd6 Qxd6 11. O-O O-O 12. Rfc1 Rfc8 13. h3 h6 {[#]} 14. Nb5 $146 ({Predecessor:} 14. Nd2 Nd7 15. Ne2 Ne7 {½-½ (15) Bu,X (2725)-Duda,J (2724) Liaocheng 2018}) 14... Qe7 15. Nc3 Qd6 16. Nb5 Qe7 17. Nc3 Qd6 1/2-1/2

[Event "20. Dolomitenbank Open-A 2019"]
[Site "Lienz"]
[Date "2019.02.15"]
[Round "8.6"]
[White "Gaprindashvili, Valeriane"]
[Black "Solodovnichenko, Yuri"]
[Result "1-0"]
[WhiteElo "2387"]
[BlackElo "2574"]
[Annotator "TA"]
[PlyCount "131"]
[EventDate "2019.02.09"]
[EventType "swiss"]
[EventCountry "AUT"]
[SourceTitle "playchess.com"]
[Source "ChessBase"]
[SourceQuality "1"]

{[%evp 22,131,0,0,0,-25,-17,-17,-17,-17,-15,-17,-14,-25,-31,-24,-27,-47,-42,-41,-37,-37,-16,-16,0,-9,0,0,0,0,29,0,0,0,0,0,0,-16,61,-2,-4,-9,34,25,29,32,104,101,97,70,70,70,73,78,169,180,195,191,191,192,259,257,252,172,223,150,290,225,298,221,416,408,344,372,613,630,658,661,660,655,656,647,645,648,643,645,629,618,629,629,586,580,29961,29965,29972,29975,29977,29976,29976,0,29976,29976,29974,29974,29972,29973,29973,29974,29979,29980,29977,29974]} 1. Nf3 Nf6 2. c4 e6 3. d4 d5 4. cxd5 exd5 5. Bg5 h6 6. Bh4 c6 7. Nc3 Be7 8. e3 Bf5 9. Bd3 Bxd3 10. Qxd3 Nbd7 11. O-O O-O 12. Rab1 a5 {D35: Queen's Gambit Declined: Exchange Variation} 13. Bxf6 Nxf6 14. Ne5 Re8 {The position is equal.} 15. a3 Bd6 16. f4 Re7 {[#]} 17. Rfe1 $146 ({Predecessor:} 17. Qc2 Qe8 18. Rbc1 {½-½ (18) Hasselmeyer,A (2525)-Legemaat,G (2326) ICCF email 2010}) 17... Qb6 18. Qc2 Qa6 19. b4 b5 20. Rec1 axb4 21. axb4 Nh7 22. e4 Qb6 23. Qf2 Nf6 24. Nxc6 $1 {[%mdl 64] Remove Defender} Qxc6 25. e5 $1 Ng4 26. Qd2 (26. Qg3 $5 {[%cal Rg3g4]} h5 27. h3 $16) 26... Bc7 {White must now prevent ...f6.} 27. h3 {[#]} Nxe5 $1 {[%mdl 512]} 28. fxe5 (28. dxe5 d4) 28... f6 29. Qd3 Rb8 (29... fxe5 $11 30. Nxb5 Qa6) 30. Qf3 ({Better is} 30. Na4 $14 Qe8 31. exf6) 30... Rd8 $1 $11 31. Na4 Qa6 32. Nc5 Qb6 33. e6 Bb8 (33... Qc6 $14) 34. Ra1 $36 {[%mdl 2048] White is on the roll.} Qd6 35. Ra6 Qh2+ 36. Kf2 Bd6 37. Rca1 Rde8 (37... Ree8 $16 {keeps fighting.}) 38. Qxd5 $18 Qf4+ 39. Ke2 Bb8 40. Kd3 Kh8 (40... Qf2 {was worth a try.}) 41. Qf3 Qg5 42. Ra8 f5 (42... Rd8 {might work better.} 43. Re1 Qh4) 43. g4 f4 (43... fxg4 $16 44. hxg4 (44. Qxg4 Qd5 $15) 44... Rd8) 44. Re1 Kh7 45. Kc3 Qf6 $2 (45... Kg8 46. Re2 h5) 46. Qd3+ g6 {Now ...Rd8 and Black clings on.} 47. Kb3 ({Don't take} 47. Qxb5 Qh4 $18) 47... f3 $2 (47... Bd6 48. Rxe8 Rxe8) 48. Rf1 f2 49. d5 Ra7 50. Ne4 Qe5 51. Rxf2 {White wants to mate with Rxa7+.} ({Not} 51. Rxa7+ Bxa7 52. Nxf2 Rf8 $16) 51... Rxe6 {[#]} 52. Rxa7+ $1 ({Worse is} 52. dxe6 Qxe6+ 53. Kc2 Rxa8 $15) 52... Bxa7 53. dxe6 Qxe6+ 54. Kc3 {And now Rf6 would win.} Qe5+ 55. Kc2 {Nf6+ would kill now.} Bxf2 56. Nxf2 Qf4 57. Ne4 Qc7+ 58. Nc3 Qc6 59. Qd5 Qc7 60. Qd3 Qc6 $1 61. Kb3 {White mates.} Qe6+ 62. Qd5 Qe3 63. Qf7+ Kh8 64. Qxg6 Qxh3 65. Qh5 Qe3 66. Qxb5 {Accuracy: White = 57%, Black = 39%.} 1-0

[Event "20. Dolomitenbank Open-A 2019"]
[Site "Lienz"]
[Date "2019.02.15"]
[Round "8.7"]
[White "Studer, Noel"]
[Black "Ertan, Can"]
[Result "1-0"]
[WhiteElo "2494"]
[BlackElo "2405"]
[Annotator "TA"]
[PlyCount "61"]
[EventDate "2019.02.09"]
[EventType "swiss"]
[EventCountry "AUT"]
[SourceTitle "playchess.com"]
[Source "ChessBase"]
[SourceQuality "1"]

{[%evp 11,61,9,12,12,14,12,12,14,13,18,21,0,0,-24,-17,-38,-25,-41,-45,-39,0,0,0,0,29,28,46,42,47,51,84,80,85,81,83,58,114,119,196,188,187,165,168,166,265,268,264,256,617,618,703,652]} 1. d4 Nf6 2. c4 e6 3. g3 d5 4. Nf3 dxc4 5. Bg2 Bb4+ 6. Bd2 a5 7. Qc2 {E04: Open Catalan: 5 Nf3} Bxd2+ 8. Qxd2 c6 9. a4 {The position is equal.} (9. Ne5 b5 10. a4 Ra6 11. Nc3 Bd7 12. Nxd7 Qxd7 13. axb5 cxb5 14. Qg5 O-O 15. Qxb5 Qxd4 {½-½ (27) Postny,E (2615)-Anand,V (2773) St Petersburg 2018}) 9... Ne4 10. Qc2 Nd6 11. Ne5 Qb6 $146 ({Predecessor:} 11... Na6 12. O-O Nb4 13. Qc1 O-O 14. Na3 Ra6 15. Naxc4 Nxc4 16. Qxc4 {½-½ (25) Mikhalevski,V (2511)-Nabaty,T (2649) Budapest 2017}) 12. Na3 Qxd4 13. Naxc4 Nxc4 14. Nxc4 {Threatens to win with Rd1.} O-O 15. O-O Na6 16. Nxa5 Nb4 17. Qc4 $1 $36 {[%cal Rc4d4][%mdl 2048] White is pushing.} e5 18. e3 Qb6 ({Much weaker is} 18... Qxb2 $6 19. Rfb1 $16) 19. Nb3 Be6 20. Qc5 Nd5 21. Qxb6 Nxb6 22. Nc5 Ra7 23. Rfd1 Bg4 (23... Nd5 $14) 24. Rd3 $16 Be2 (24... Nc4 $16) 25. Rb3 $18 Bb5 26. Rb4 {[%mdl 64] [#] Pin} Rd8 27. b3 {aiming for Rc1.} Nd5 (27... Nc8 {was called for.}) 28. Rd1 Be2 29. Rd2 b6 $2 {[#]} (29... Rc8) 30. Rxb6 $1 {[%mdl 576] Pin} Rc7 (30... Nxb6 31. Rxd8#) 31. e4 {Accuracy: White = 79%, Black = 48%.} 1-0

[Event "20. Dolomitenbank Open-A 2019"]
[Site "Lienz"]
[Date "2019.02.15"]
[Round "8.8"]
[White "Perske, Thore"]
[Black "Gschnitzer, Adrian"]
[Result "1/2-1/2"]
[WhiteElo "2451"]
[BlackElo "2382"]
[Annotator "TA"]
[PlyCount "100"]
[EventDate "2019.02.09"]
[EventType "swiss"]
[EventCountry "AUT"]
[SourceTitle "playchess.com"]
[Source "ChessBase"]
[SourceQuality "1"]

{[%evp 23,100,41,31,38,38,36,34,39,52,47,52,0,68,52,121,8,16,10,140,147,141,125,153,153,164,198,260,181,160,168,182,150,204,170,359,0,0,0,0,0,0,0,0,0,0,0,0,0,0,0,0,0,0,0,0,0,0,0,0,0,0,0,0,0,0,0,0,0,0,0,0,0,0,0,0,0,0,0,39]} 1. e4 c5 2. Nf3 Nc6 3. Nc3 g6 4. d4 cxd4 5. Nxd4 Bg7 6. Be3 Nf6 7. Bc4 O-O 8. Bb3 d6 9. f3 Bd7 10. Qd2 Rc8 11. O-O-O Nxd4 12. Bxd4 b5 13. a3 {B78: Sicilian Dragon: Yugoslav Attack, 9 Bc4 Bd7 10 0-0-0 Rc8} a5 14. Nd5 Nxd5 15. Bxg7 {White is slightly better.} Kxg7 16. exd5 Kg8 17. g4 ({White should try} 17. Rhe1 $14) (17. Rhe1 Rc5 18. Re3 b4 19. axb4 axb4 20. Qxb4 Qa8 21. Kd2 {½-½ (46) Alekseenko,K (2609)-Vocaturo,D (2620) Batumi 2018}) 17... Rc5 (17... b4 $11 18. axb4 axb4) 18. h4 $14 b4 {[#]} (18... e5 $14) 19. axb4 ({White must play} 19. h5 $1 $16) 19... axb4 $11 {White must now prevent ...Qa5.} 20. h5 $146 ({Predecessor:} 20. Qxb4 Qa8 21. Kd2 {0-1 (34) Ruiz Abad,J (2033)-Barrio Ugidos,I (1925) Eibar 2013}) 20... e5 (20... Qb6 $1 $11 {remains equal.} 21. Qd4 Qa7) 21. dxe6 $1 $16 {[%mdl 64] Overworked Piece} (21. Qxb4 Qa8 $11) 21... Bxe6 22. Bxe6 (22. Qxb4 $6 Bxb3 23. Qxb3 Qa8 $11) 22... fxe6 23. hxg6 ({Much worse is} 23. Qxd6 $6 Qxd6 24. Rxd6 Rxf3 $11) 23... b3 {[#]} 24. Qh6 $1 {[%csl Gg6,Gh1][%cal Rh6h7]} ({Worse is} 24. Qxd6 Qg5+ 25. f4 Rxc2+ 26. Kb1 Qxg6 $11) ({Much less strong is} 24. gxh7+ $6 Kh8 $14) 24... Rxc2+ 25. Kb1 {[%csl Gg6,Gh1][%cal Rh6h7]} Rc7 {Strongly threatening ...Qa8.} 26. gxh7+ Kh8 {Threatens to win with ...Qa8.} 27. Qxe6 {[%mdl 64] Double Attack} Qa8 {[%csl Gb3][%cal Ra8a2]} 28. Qxb3 Rb8 $2 (28... Rxf3 29. Qb4 Qf8 30. Qd4+ Qg7 31. Qxd6 Rc8) 29. Qd5 $2 (29. Qe3 $18) 29... Rxb2+ $1 $11 {The position is equal.} 30. Kxb2 Rb7+ 31. Kc2 Rc7+ 32. Kb2 Rb7+ 33. Qxb7 Qxb7+ {[%mdl 4096] Endgame KQ-KRR} 34. Kc2 {And now Rde1 would win.} Qc6+ 35. Kd2 {aiming for Rde1.} Qxf3 36. Rdf1 Qd5+ 37. Ke3 Qe5+ 38. Kf3 Qd5+ 39. Kg3 Qe5+ 40. Rf4 Qe3+ 41. Rf3 Qe5+ 42. Kf2 {Threatening mate with Rf8+.} Qd4+ 43. Kf1 {White threatens Rf8+ and mate.} Qd1+ 44. Kg2 {Rf8+ would kill now.} Qe2+ 45. Kg3 Qe5+ 46. Kh4 {Black should prevent Rf7.} Kxh7 47. Rf5 Qe7+ 48. Kg3+ Kg6 49. Kf4 d5 50. Rhh5 {Intending Rfg5+ and mate.} Qe4+ {Accuracy: White = 58%, Black = 59%.} 1/2-1/2

[Event "20. Dolomitenbank Open-A 2019"]
[Site "Lienz"]
[Date "2019.02.16"]
[Round "9.1"]
[White "Ankit, R. Rajpara"]
[Black "Sanal, Vahap"]
[Result "1/2-1/2"]
[WhiteElo "2451"]
[BlackElo "2497"]
[Annotator "ChessBase"]
[PlyCount "108"]
[EventDate "2019.02.09"]
[EventType "swiss"]
[EventCountry "AUT"]
[SourceTitle "playchess.com"]
[Source "ChessBase"]
[SourceQuality "1"]
[TimeControl "40/5400+30:1800+30"]

1. d4 {[%emt 0:02:33]} Nf6 {[%emt 0:00:00]} 2. c4 {[%emt 0:00:28]} e6 {[%emt 0:00:00]} 3. Nf3 {[%emt 0:00:18]} b6 {[%emt 0:00:08]} 4. g3 {[%emt 0:00:11]} c6 {[%emt 0:00:31]} 5. Bg2 {[%emt 0:01:41]} d5 {[%emt 0:00:15]} 6. O-O {[%emt 0:00:41]} Be7 {[%emt 0:03:35]} 7. Qc2 {[%emt 0:04:55]} O-O {[%emt 0:00:14]} 8. Nbd2 {[%emt 0:01:03]} Bb7 {[%emt 0:00:16]} 9. e4 {[%emt 0:01:40]} Na6 {[%emt 0:00:07]} 10. a3 {[%emt 0:04:19]} dxc4 {[%emt 0:02:45]} 11. Nxc4 {[%emt 0:04:00]} c5 {[%emt 0:00:35]} 12. e5 {[%emt 0:06:45]} Nd5 {[%emt 0:00:28]} 13. dxc5 {[%emt 0:01:57]} Nxc5 {[%emt 0:00:16]} 14. b4 {[%emt 0:01:45]} Nd7 {[%emt 0:00:08]} 15. Bb2 {[%emt 0:12:32]} Rc8 {[%emt 0:01:27]} 16. Qb3 {[%emt 0:01:58]} Rc7 {[%emt 0:06:42]} 17. Rfd1 {[%emt 0:15:25]} Qa8 {[%emt 0:05:44]} 18. Nd4 {[%emt 0:04:01]} a6 {[%emt 0:25:00]} 19. Nd6 {[%emt 0:03:27]} Bxd6 {[%emt 0:00:23]} 20. exd6 {[%emt 0:00:03]} Rcc8 {[%emt 0:00:07]} 21. Nf5 {[%emt 0:04:37]} exf5 {[%emt 0:01:14]} 22. Bxd5 {[%emt 0:00:25]} b5 {[%emt 0:08:55]} 23. Bxb7 {[%emt 0:07:16]} Qxb7 {[%emt 0:00:06]} 24. Rac1 {[%emt 0:00:07]} Rxc1 {[%emt 0:15:49]} 25. Rxc1 {[%emt 0:00:05]} Re8 {[%emt 0:00:12]} 26. Qc3 {[%emt 0:08:21]} f6 {[%emt 0:00:20]} 27. Qc7 {[%emt 0:04:10]} Qxc7 {[%emt 0:03:01]} 28. Rxc7 {[%emt 0:01:18]} Rd8 {[%emt 0:00:22]} 29. Bd4 {[%emt 0:04:23]} Kf7 {[%emt 0:00:55]} 30. Ra7 {[%emt 0:01:00]} Ke6 {[%emt 0:00:19]} 31. Rxa6 {[%emt 0:00:03]} Rc8 {[%emt 0:03:17]} 32. Ra5 {[%emt 0:01:36]} Kd5 {[%emt 0:03:06]} 33. Bc5 {[%emt 0:01:30]} Kc6 {[%emt 0:00:55]} 34. Ra6+ {[%emt 0:00:30]} Kb7 {[%emt 0:01:09]} 35. Ra7+ {[%emt 0:00:15]} Kc6 {[%emt 0:00:03]} 36. Kf1 {[%emt 0:00:42]} g5 {[%emt 0:02:00]} 37. h4 {[%emt 0:00:32]} h6 {[%emt 0:02:44]} 38. h5 {[%emt 0:01:12]} Rd8 {[%emt 0:00:41]} 39. Rc7+ {[%emt 0:00:27]} Kd5 {[%emt 0:00:02]} 40. Rb7 {[%emt 0:00:15]} Kc6 {[%emt 0:00:47]} 41. Rc7+ {[%emt 0:30:29]} Kd5 {[%emt 0:30:01]} 42. Rb7 {[%emt 0:00:00]} Kc6 {[%emt 0:00:00]} 43. Ra7 {[%emt 0:00:00]} Kd5 {[%emt 0:00:00]} 44. Ra5 {[%emt 0:00:00]} Kc6 {[%emt 0:00:00]} 45. Ra6+ {[%emt 0:00:11]} Kd5 {[%emt 0:00:00]} 46. Ra5 {[%emt 0:00:27]} Kc6 {[%emt 0:00:00]} 47. Ra6+ {[%emt 0:00:11]} Kd5 {[%emt 0:00:00]} 48. a4 {[%emt 0:01:13]} Nxc5 {[%emt 0:00:00]} 49. bxc5 {[%emt 0:00:03]} bxa4 {[%emt 0:00:00]} 50. Rxa4 {[%emt 0:01:06]} Kxc5 {[%emt 0:00:00]} 51. Ra7 {[%emt 0:00:35]} Kxd6 {[%emt 0:00:00]} 52. Rh7 {[%emt 0:00:09]} f4 {[%emt 0:00:00]} 53. gxf4 {[%emt 0:00:34]} gxf4 {[%emt 0:00:00]} 54. Rxh6 {[%emt 0:00:13]} Ke5 1/2-1/2

[Event "20. Dolomitenbank Open-A 2019"]
[Site "Lienz"]
[Date "2019.02.16"]
[Round "9.2"]
[White "Istratescu, Andrei"]
[Black "Kunin, Vitaly"]
[Result "1-0"]
[WhiteElo "2555"]
[BlackElo "2531"]
[Annotator "TA"]
[PlyCount "113"]
[EventDate "2019.02.09"]
[EventType "swiss"]
[EventCountry "AUT"]
[SourceTitle "playchess.com"]
[Source "ChessBase"]
[SourceQuality "1"]

{[%evp 9,113,10,27,18,21,13,15,15,15,8,19,13,45,39,38,40,46,51,40,41,46,44,58,41,39,41,97,119,99,106,162,148,170,175,172,137,129,126,128,130,130,124,120,144,150,107,124,102,104,97,103,86,70,92,105,107,107,52,52,52,93,93,93,93,100,93,100,86,106,93,80,58,117,112,239,227,241,236,223,216,215,214,257,258,257,257,250,223,413,409,29973,29975,29978,29979,29987,29986,29986,29987,29987,29988,29988,29989,29989,29990,29990,29991]} 1. c4 e5 2. Nc3 Nc6 3. g3 Bc5 4. Bg2 d6 5. a3 (5. e3 a6 6. Nge2 Ba7 7. b3 Nge7 8. Bb2 h5 9. h4 Bg4 10. d3 Qd7 11. Qd2 Rb8 12. Rc1 O-O 13. Ne4 {1-0 (51) Topalov,V (2749)-Grischuk,A (2761) Paris 2017}) 5... a6 6. e3 {A25: English Opening vs King's Indian with ...Nc6 but without early d3} Ba7 7. Nge2 h5 8. h4 {The position is equal.} Nf6 9. b4 $146 ({Predecessor:} 9. d4 O-O 10. O-O Re8 11. b4 exd4 12. exd4 Bg4 {0-1 (51) Soham,K (2065)-Koustav,C (2383) Kolkata 2018}) 9... Bg4 10. Bb2 Qd7 11. Nd5 Nxd5 12. cxd5 Ne7 13. f3 Bf5 14. e4 $36 {[%mdl 2048] White has the initiative.} Bg6 15. d4 {And now Bh3 would win.} f6 16. O-O c6 17. dxc6 bxc6 (17... Nxc6 $14 18. Kh2 O-O) 18. Kh2 $16 Bf7 19. f4 {[%cal Rd4e5]} Qc7 (19... exd4 $16 {keeps fighting.} 20. Nxd4 (20. Bxd4 O-O $14) 20... Bxd4 21. Bxd4 (21. Qxd4 O-O $16) 21... Be6) 20. dxe5 $18 dxe5 21. fxe5 fxe5 22. Qc2 O-O 23. Ng1 Bxg1+ 24. Kxg1 c5 25. Qxc5 Qxc5+ 26. bxc5 Nc6 27. Bc3 Rfd8 28. Rfd1 Rxd1+ 29. Rxd1 Rb8 30. Bh3 Rb5 31. Bb4 Nxb4 32. axb4 Rxb4 $16 {[%mdl 4096] Endgame KRB-KRB} 33. Rc1 (33. Rd8+ $1 $16 Kh7 34. Rd7) 33... Rb7 $1 $14 34. Bc8 Rc7 35. Bxa6 Kf8 36. Be2 Ke7 37. Kf2 Ra7 38. Rc3 Kd7 39. Bb5+ Kc7 40. Rd3 Be6 ({Better is} 40... Rb7 $1 $14 41. Rd7+ Kb8 42. Rxb7+ Kxb7) 41. Rd6 Bg4 (41... Bf7 $16 42. Kf3 Rb7) 42. Rd5 $18 Ra5 {[#]} 43. Be8 $1 Ra2+ 44. Ke3 Ra3+ {[#]} 45. Kd2 $1 Rxg3 46. Rxe5 Rh3 47. Bb5 ({Less strong is} 47. Bxh5 Bxh5 48. Rxh5 Kc6 $16) 47... Rxh4 48. Re7+ {[%mdl 64] Double Attack} Kd8 $2 (48... Kb8 49. Rxg7 Bc8) 49. Rxg7 Bf3 (49... Rh2+ $18 50. Ke3 Rb2) 50. Rd7+ {White mates.} Kc8 51. c6 Kb8 52. c7+ Kc8 53. Ba6+ Kxd7 54. c8=Q+ Ke7 55. Qc7+ Ke6 56. Bc4+ Kf6 57. Qd8+ {Accuracy: White = 81%, Black = 50%.} 1-0

[Event "20. Dolomitenbank Open-A 2019"]
[Site "Lienz"]
[Date "2019.02.16"]
[Round "9.3"]
[White "Maiorov, Nikita"]
[Black "Gaprindashvili, Valeriane"]
[Result "1-0"]
[WhiteElo "2523"]
[BlackElo "2387"]
[Annotator "ChessBase"]
[PlyCount "113"]
[EventDate "2019.02.09"]
[EventType "swiss"]
[EventCountry "AUT"]
[SourceTitle "playchess.com"]
[Source "ChessBase"]
[SourceQuality "1"]
[TimeControl "40/5400+30:1800+30"]

1. d4 {[%emt 0:00:24]} Nf6 {[%emt 0:03:18]} 2. c4 {[%emt 0:00:10]} e6 {[%emt 0:00:06]} 3. Nc3 {[%emt 0:00:03]} Bb4 {[%emt 0:00:15]} 4. Qc2 {[%emt 0:00:05]} O-O {[%emt 0:00:22]} 5. a3 {[%emt 0:00:05]} Bxc3+ {[%emt 0:00:07]} 6. Qxc3 {[%emt 0:00:02]} Ne4 {[%emt 0:00:29]} 7. Qc2 {[%emt 0:00:07]} d5 {[%emt 0:00:10]} 8. e3 {[%emt 0:06:41]} f5 {[%emt 0:01:37]} 9. Nh3 {[%emt 0:04:51]} a5 {[%emt 0:02:06]} 10. Bd3 {[%emt 0:00:59]} Nc6 {[%emt 0:01:46]} 11. O-O {[%emt 0:00:22]} a4 {[%emt 0:03:43]} 12. cxd5 {[%emt 0:11:21]} exd5 {[%emt 0:00:57]} 13. Nf4 {[%emt 0:00:08]} Ne7 {[%emt 0:09:40]} 14. Bd2 {[%emt 0:00:23]} Nxd2 {[%emt 0:02:30]} 15. Qxd2 {[%emt 0:02:23]} g5 {[%emt 0:06:11]} 16. Ne2 {[%emt 0:01:58]} Qd6 {[%emt 0:00:56]} 17. Rfe1 {[%emt 0:06:01]} Bd7 {[%emt 0:05:53]} 18. Rac1 {[%emt 0:01:03]} c6 {[%emt 0:07:25]} 19. Bc2 {[%emt 0:01:27]} b5 {[%emt 0:02:59]} 20. f3 {[%emt 0:00:40]} h6 {[%emt 0:04:25]} 21. Nc3 {[%emt 0:02:10]} Rad8 {[%emt 0:05:01]} 22. Bb1 {[%emt 0:11:05]} Be8 {[%emt 0:09:13]} 23. e4 {[%emt 0:06:27]} dxe4 {[%emt 0:04:12]} 24. fxe4 {[%emt 0:00:06]} Bg6 {[%emt 0:02:26]} 25. Ba2+ {[%emt 0:02:17]} Bf7 {[%emt 0:04:31]} 26. Bxf7+ {[%emt 0:06:17]} Rxf7 {[%emt 0:00:12]} 27. Rcd1 {[%emt 0:00:01]} fxe4 {[%emt 0:07:48]} 28. Nxe4 {[%emt 0:00:05]} Qf4 {[%emt 0:02:45]} 29. Qe2 {[%emt 0:04:05]} Nd5 {[%emt 0:04:00]} 30. Nc5 {[%emt 0:10:19]} Re7 {[%emt 0:03:20]} 31. Qd3 {[%emt 0:00:24]} Rd6 {[%emt 0:02:42]} 32. Rxe7 {[%emt 0:05:57]} Nxe7 {[%emt 0:00:02]} 33. Qe2 {[%emt 0:02:05]} Qf7 {[%emt 0:01:28]} 34. Re1 {[%emt 0:04:00]} Nf5 {[%emt 0:02:12]} 35. Rf1 {[%emt 0:04:25]} Qe7 {[%emt 0:00:58]} 36. Qe4 {[%emt 0:03:56]} Rd5 {[%emt 0:01:13]} 37. g4 {[%emt 0:01:22]} Qxe4 {[%emt 0:00:32]} 38. Nxe4 {[%emt 0:00:06]} Rxd4 {[%emt 0:00:47]} 39. Nf6+ {[%emt 0:00:06]} Kf7 {[%emt 0:00:06]} 40. Rxf5 {[%emt 0:00:07]} Rd1+ {[%emt 0:00:22]} 41. Kf2 {[%emt 0:30:49]} Rd2+ {[%emt 0:07:14]} 42. Ke3 {[%emt 0:00:00]} Rxb2 {[%emt 0:01:23]} 43. Ne4+ {[%emt 0:00:00]} Kg7 {[%emt 0:06:11]} 44. Rc5 {[%emt 0:00:00]} Ra2 {[%emt 0:05:36]} 45. Rc3 {[%emt 0:00:00]} Rxh2 {[%emt 0:00:11]} 46. Ng3 {[%emt 0:00:00]} Ra2 {[%emt 0:05:12]} 47. Kd4 {[%emt 0:00:00]} Rd2+ {[%emt 0:03:02]} 48. Ke5 {[%emt 0:00:00]} b4 {[%emt 0:01:49]} 49. axb4 {[%emt 0:00:00]} Rb2 {[%emt 0:00:06]} 50. Nf5+ {[%emt 0:00:00]} Kf7 {[%emt 0:01:00]} 51. Nxh6+ {[%emt 0:00:00]} Ke7 {[%emt 0:01:09]} 52. Rxc6 {[%emt 0:00:00]} Rxb4 {[%emt 0:00:11]} 53. Rc7+ {[%emt 0:00:00]} Ke8 {[%emt 0:02:42]} 54. Ra7 {[%emt 0:00:00]} Rb6 {[%emt 0:00:38]} 55. Nf5 {[%emt 0:00:00]} Rb4 {[%emt 0:00:09]} 56. Nd6+ {[%emt 0:00:00]} Kd8 {[%emt 0:00:27]} 57. Ke6 {[%emt 0:00:00]} 1-0

[Event "20. Dolomitenbank Open-A 2019"]
[Site "Lienz"]
[Date "2019.02.16"]
[Round "9.4"]
[White "Mesaros, Florian"]
[Black "Prusikin, Michael"]
[Result "0-1"]
[WhiteElo "2449"]
[BlackElo "2517"]
[Annotator "RC"]
[PlyCount "90"]
[EventDate "2019.02.09"]
[EventType "swiss"]
[EventCountry "AUT"]
[SourceTitle "playchess.com"]
[Source "ChessBase"]
[SourceQuality "1"]
[TimeControl "40/5400+30:1800+30"]

1. d4 {[%emt 0:01:53]} Nf6 {[%emt 0:00:00]} 2. c4 {[%emt 0:00:06]} e6 {[%emt 0:00:00]} 3. Nc3 {[%emt 0:00:06]} Bb4 {[%emt 0:00:06]} 4. e3 {[%emt 0:00:07]} c5 {[%emt 0:00:21]} 5. Nf3 {[%emt 0:08:31]} Bxc3+ {[%emt 0:01:58]} 6. bxc3 {[%emt 0:00:04]} d6 {[%emt 0:00:12]} 7. Bd3 {[%emt 0:05:36]} Nc6 {[%emt 0:00:24]} 8. O-O {[%emt 0:11:59]} e5 {[%emt 0:00:51]} 9. d5 {[%emt 0:06:31]} Ne7 {[%emt 0:03:32]} 10. Nd2 {[%emt 0:01:50]} O-O {[%emt 0:00:48]} 11. Qc2 {[%emt 0:00:55]} g6 {[%emt 0:00:39]} 12. f4 {[%emt 0:02:21]} exf4 {[%emt 0:08:43]} 13. Rxf4 {[%emt 0:01:43]} Ng4 {[%emt 0:01:12]} 14. Nf3 {[%emt 0:14:55]} f6 {[%emt 0:20:38]} 15. h3 {[%emt 0:04:26]} Ne5 {[%emt 0:02:32]} 16. Nxe5 {[%emt 0:00:30]} dxe5 {[%emt 0:06:38]} 17. Rf1 {[%emt 0:01:08]} f5 {[%emt 0:11:07]} 18. a4 {[%emt 0:10:37]} a5 {[%emt 0:04:00]} 19. Bd2 {[%emt 0:00:35]} Qd6 {[%emt 0:11:03]} 20. Rf2 {[%emt 0:01:29]} Bd7 {[%emt 0:00:29]} 21. Rb1 {[%emt 0:04:59]} b6 {[%emt 0:00:12]} 22. Be2 {[%emt 0:04:09]} Rf6 {[%emt 0:02:27]} 23. Be1 {[%emt 0:05:14]} Raf8 {[%emt 0:01:05]} 24. Rf3 {[%emt 0:02:20]} g5 {[%emt 0:00:38]} 25. Bg3 {[%emt 0:03:31]} Ng6 {[%emt 0:01:34]} 26. Rbf1 {[%emt 0:02:02]} Qe7 {[%emt 0:07:29]} 27. e4 {[%emt 0:01:06]} f4 {[%emt 0:00:33]} 28. Be1 {[%emt 0:00:07]} h5 {[%emt 0:02:16]} 29. Rd3 {[%emt 0:00:46]} g4 {[%emt 0:01:17]} 30. Qd1 {[%emt 0:00:52]} f3 {[%emt 0:05:44]} 31. gxf3 {[%emt 0:00:06]} Nf4 {[%emt 0:00:27]} 32. Bh4 {[%emt 0:03:22]} g3 {[%emt 0:00:29]} 33. Bxg3 {[%emt 0:01:16]} Rg6 {[%emt 0:01:09]} 34. Kh2 {[%emt 0:00:02]} Qg5 {[%emt 0:03:27]} 35. Rg1 {[%emt 0:00:09]} Nxh3 {[%emt 0:00:11]} 36. f4 {[%emt 0:01:52]} exf4 {[%emt 0:01:29]} 37. Bf2 {[%emt 0:00:38]} Nxg1 {[%emt 0:00:40]} 38. Qxg1 {[%emt 0:00:03]} Qf6 {[%emt 0:00:56]} 39. Qe1 {[%emt 0:00:56]} Qe5 {[%emt 0:00:36]} 40. Bf3 {[%emt 0:00:30]} Bg4 {[%emt 0:00:27]} 41. Bh1 {[%emt 0:02:50]} f3+ {[%emt 0:06:52]} 42. Bg3 {[%emt 0:00:11]} f2 {[%emt 0:00:11]} 43. Qf1 {[%emt 0:01:25]} Qg5 {[%emt 0:00:46]} 44. Bg2 {[%emt 0:04:15]} h4 {[%emt 0:00:49]} 45. Bxf2 {[%emt 0:02:40]} Be2 {[%emt 0:00:23]} 0-1